000 00643nam a2200181Ia 4500
008 100920s9999 xx 000 0 und d
082 _b99049
_a28 व 891,43 न 06
100 _aयादव उषा.
245 _aफिर से हसो धरती मां.
260 _bप्रकाशन विभाग, दिल्ली.
_c2006
300 _a57
_bसाधी
365 _b60
520 _aबा.वि.हिंदी.
630 _aफिर से हसो धरती मां.
650 _aबा.वि.हिंदी.
730 _aफिर से हसो धरती मां.
942 _cBOOK
999 _c739487
_d739484